Invalidación y nulidad de los actos administrativos y otros estudios
Spremljeno u:
| Glavni autor: | |
|---|---|
| Format: | Knjiga |
| Jezik: | španjolski |
| Izdano: |
Santiago
Lexis Nexis
2004
|
| Izdanje: | 2a. ed |
| Teme: | |
| Oznake: |
Dodaj oznaku
Bez oznaka, Budi prvi tko označuje ovaj zapis!
|
MARC
| LEADER | 00000nam a2200000 a 4500 | ||
|---|---|---|---|
| 001 | UCG6510 | ||
| 003 | CL-VaPUC | ||
| 008 | 110428e20040700CL |||||||||||||||||spa|d | ||
| 020 | |a 9562383334 | ||
| 082 | 0 | 4 | |a 342.066 |b REY |2 21 |
| 100 | 0 | |a Reyes Riveros, Jorge |e author |9 556727 | |
| 245 | 1 | 0 | |a Invalidación y nulidad de los actos administrativos y otros estudios |
| 250 | |a 2a. ed | ||
| 300 | |a 240 p | ||
| 942 | |c BK | ||
| 945 | |d 20110428 00:00:00 |a jcampos | ||
| 260 | |a Santiago |b Lexis Nexis |c 2004 | ||
| 650 | 0 | |a Derecho administrativo |9 254851 | |
| 650 | 7 | |a INVALIDACION |2 CL-VaPUC |9 556728 | |
| 650 | 0 | |a Recurso de protección |9 255487 | |
| 650 | 0 | |a Actos administrativos |9 256128 | |
| 650 | 0 | |a Nulidad |9 256755 | |
| 650 | 0 | |a Constitución política |9 336925 | |
| 650 | 0 | |a Estado de derecho |9 257795 | |
| 650 | 0 | |a Jurisdicción |9 255090 | |
| 650 | 0 | |a Derecho público |9 255910 | |
| 651 | 7 | |a CHILE |2 CL-VaPUC |9 556729 | |
| 583 | |a last modification |c 20161004 05:09:12 |k Rodrigo Vera | ||
| 999 | |c 344716 |d 344714 | ||
| 952 | |0 0 |1 0 |4 0 |6 342_066000000000000_REY_2004 |7 0 |8 A |9 442853 |a BIBDER |b BIBDER |d 2019-11-22 |i 4770781 |o 342.066 REY 2004 |p 4770781 |r 2023-01-25 |w 2019-11-22 |y BK |k DER | ||